000 00675cam a2200205 4500
001 WB3613-08
008 000000n2000 000 0 eng u
035 _a(Sirsi) u105140
245 _aHot spot
260 _c2000
490 _aIrish Times
_v29 March 2000, 2.4(1)
520 _aResearch by the IPD shows that the business park sector is particularly strong at the moment with Thames Valley leading the way for business park development.
590 _aWB
650 _aBUSINESS PARKS
650 _aTHAMES VALLEY
650 _aRENTAL GROWTH
650 _aINSTITUTIONAL INVESTMENT
690 _aPROPERTY-COMMERCIAL PROPERTY-COMMERCIAL PROPERTY MARKET
942 _n0
999 _c63047
_d63047